000 00966cab a2200313 4500
001 ABS49612
008 090401t1993 xxu||||| |||| 00| 0 eng d
035 _a(Sirsi) u71943
041 _aeng
245 _aDoors and windows
260 _c1993
350 _a0
490 _aBuilding
_vSupplement October 1993 (LOAN)
520 _aIncludes designing for natural ventilation, reaching a weathertight state in a construction programme, fire-resistant glazing and draughtproofing of buildings.
650 _aBUILT ENVIRONMENT-CONSTRUCTION DESIGN
650 _aBUILT ENVIRONMENT-BUILDING MATERIALS
650 _aDOORS
650 _aENERGY CONSERVATION
650 _aENERGY EFFICIENCY
650 _aFIRE
650 _aSEALING
650 _aVENTILATION
650 _aWEATHERPROOFING
650 _aWINDOWS
690 _aBUILT ENVIRONMENT-CONSTRUCTION DESIGN
690 _aBUILT ENVIRONMENT-BUILDING MATERIALS
942 _n0
948 _c04/03/1997
999 _c45379
_d45379